000 00491nam a22001937a 4500
003 CEME
005 20210628202951.0
008 210215b xxu||||| |||| 00| 0 eng d
020 _a81-7808-343-4
040 _c.
082 _a005.133-J DEI
100 _aDeitel, H.M Deitel, P.J
_960746
245 _aHow to java program, introducing java2 swing
250 _a3RD
260 _aINDIA
_bPEARSON EDUCATION ASIA
_c2001
300 _aLX,1355P
650 _aJAVA
_957943
942 _cBK
_2ddc
999 _c571669
_d571669